Protokol VI. řádného sjezdu KSČ, konaného v Praze ve dnech 7. až 11. března 1931.

Uložené v:
Podrobná bibliografia
Médium: Kniha
Jazyk:Czech
Vydané: Praha : J. Haken, 1931.
Vydanie:1. vyd.
ISBN: (viaz.)
Fyzický popis: 328 s.
Tagy: Pridať tag
Žiadne tagy, Buďte prvý kto otaguje tento záznam!

MARC

LEADER 00000nam a2200000 a 4500
001 000148821
005 20100813191240.0
008 970716s1931 xr e 000 0 cze d
020 |a (viaz.) 
040 |a SVKKK  |b slo  |c SVKKK  |e AACR2 
041 0 |a cze 
044 |a xr  |c CZ 
245 0 0 |a Protokol VI. řádného sjezdu KSČ, konaného v Praze ve dnech 7. až 11. března 1931. 
250 |a 1. vyd. 
260 |a Praha :  |b J. Haken,  |c 1931. 
300 |a 328 s. 
910 |a svkkk 
998 |a BK 
090 |g SCKHL  |k Sklad Pribinova 3. posch.  |a V.116224  |j 588600  |i 2720450666  |s Prezenčne